Statistics for English Derived From French

Click here to take the quiz!

General Stats

  • This quiz has been taken 13 times
  • The average score is 16 of 28

Answer Stats

HintAnswer% Correct
"Enjoy the meal"Bon appétit
92%
Someone who is employed to drive for youChauffeur
92%
Stick-shaped breadBaguette
83%
An arrangement of flowersBouquet
83%
Feeling you have seen or done something beforeDéjà vu
83%
"Have a nice trip"Bon voyage
75%
Someone who creates their own businessEntrepreneur
75%
Mixture and paper and gluePapier mâché
75%
Fashion store, similarly spelled to the aboveBoutique
67%
Seizure of power, overthrowing the governmentCoup (d’état)
67%
Person to whom one is engagedFiancé(e)
67%
Abbreviation, used at the end of invitationsR.S.V.P (répondez s’il vous plait)
67%
Overused expressionCliché
58%
Exclamation; similar to "ta-da"Voilà
58%
New and experimental, generally referring to artAvant-garde
50%
A category of art, music, writing, etc.Genre
50%
An appointed meetingRendezvous
50%
Outline or shadowSilhouette
50%
Elegantly fashionableChic
42%
Expression; "during" or "on the way"En route
42%
An archetypical female character who brings disasterFemme fatale
42%
Allowing things to be as they are; non-interference of the governmentLaissez-faire
42%
Eggs, fried and foldedOmelette
42%
In-house maid or caretaker, usually a young person from abroadAu pair
33%
A memento of a person, place, or eventSouvenir
33%
Other word for perfumeCologne
25%
Place to store items, warehouseDepot
8%
Person sent to deliver a message, usually diplomaticallyEnvoy
8%

Score Distribution

Percentile by Number Answered

Percent of People with Each Score

Your Score History

You have not taken this quiz